00288nam a22000857a 4500082001900000100002800019245010000047260004500147300001000192 aTNC G5x54 In2r aRajya Sabha Secretariat aRules of procedure and conduct of business in the council of statescby Rajya Sabha Secretariat aNew DelhibRajya Sabha Secretariatc1991 a164p.